| 000 | 00400nam a2200133Ia 4500 | ||
|---|---|---|---|
| 008 | 191014s9999 xx 000 0 und d | ||
| 020 | _a981-02-3612-3 | ||
| 082 |
_a539.72 _bNAT |
||
| 100 |
_aP Nath _920571 |
||
| 245 | 0 | _aProceedings of the Sixth International Symposium Particles Strings and Cosmology | |
| 260 |
_aSingapore _bWorld Scientific Company _c1998 |
||
| 300 | _aXviii,856 | ||
| 942 | _cBK | ||
| 999 |
_c531165 _d531165 |
||